000 00867nmm a2200265 a 4500
001 ocm0001257014
003 TR-IsHL
005 20201028160900.0
008 160715s2007 tu tur
007 cr cn
020 _a9789756335369
035 _a1257014
_b(N$T)
050 0 4 _aBJ1012
_b.B35 2007
090 0 4 _aBJ1012
_b.B35 2007
100 1 _aBallı, Mehmet
245 1 0 _aİnsanlık ailesinin ortak değerleri
_h[electronic resource] /
_cMehmet Ballı
260 _aİstanbul :
_bErguvan Yayınevi,
_c2007
300 _a144 p.
650 4 _aFelsefe, Psikoloji ve Din
650 4 _aPhilosophy, Psychology and Religion
650 0 _aEtik felsefesi
650 0 _aEthics philosophy
650 7 _aPHILOSOPHY / Ethics & Moral Philosophy
_2bisacsh
856 4 0 _uhttp://search.ebscohost.com/login.aspx?direct=true&scope=site&db=e011xww&AN=1257014
999 _c13831
_d13831